000 00627nam a22002057a 4500
005 20240902160425.0
010 _aENG-141553
020 _c475.00
_a9789393662156
035 _aEN-125085
037 _bDBAD
082 _a617.3
_21
100 _aBanerjee, Kaushik
_970836
245 _aUndergraduate Orthopaedics/
_cBy Kaushik Banerjee
250 _a1
260 _aKolkata
_bAcademic Publishers
_c2023
270 _a 5A Bhawani Dutta Lane
_bKolkata
_e700073
300 _a230p.
_b24cm(Pb)
500 _aIn Accordance with NMC CBMC Undergraduate Curriculum 2019
942 _2ddc
_cEN
_h617.3
_mBAN
_e1
999 _c205458
_d205458